000 00820nam a22002417a 4500
005 20251108174532.0
008 250721s2008 xx 000 0 ara d
020 _a995712112x
082 1 4 _a371.9/خطا
100 1 _aخطاب، ناصر جمال
_eمؤلف
245 1 0 _aتعليم التفكير للطلبة ذوي صعوبات التعلم : برنامج عملي مصور /
250 _aط.ملونة
264 1 _aعمان :
_bدار اليازوري العلمية للنشر و التوزيع،
_c2008.
300 _a224 ص.
650 1 7 _aالتعلم
650 1 7 _aالتربيه الخاصه
650 1 7 _aصعوبات التعلم
650 1 7 _aاساليب التدريس
650 1 7 _aالتفكير
700 1 _aالحديدي، منى
_eمشرف
942 _2ddc
_cBK
999 _c111649
_d111649